Statistics for Star Wars: Episode 6 Trivia (Spoilers)

Click here to take the quiz!

General Stats

  • This quiz has been taken 17 times
  • The average score is 15 of 25

Answer Stats

HintAnswer% Correct
What is the name of the forest moon that the new Death Star orbits?Endor
92%
What is Darth Vader's relation to Luke?Father
85%
What is Leia's relation to Luke, that was finally revealed in Return of the Jedi?Sister
85%
Who was the squid faced rebel leader who commanded the rebel fleet?Admiral Ackbar
77%
What is the name of the teddybear-like creatures that live on that moon?Ewoks
77%
What color is Luke's new lightsaber beam?Green
77%
Who piloted the Millennium Falcon and led the charge on the Death Star in Return of the Jedi?Lando Calrission
77%
Who told Luke that fact?Obi Wan Kenobi
77%
Name one type of fighter used by the rebel forces in their assault on the new Death Star.X-wing/ Y-wing/ A-wing/ B-wing
77%
Who wrote (and produced) Return of the Jedi (and is recognized as the creator of the series)?George Lucas
69%
What is his most famous line in the movie?It's a trap!
69%
What creature lived beyond the Dune Sea in the Pit of Carcoon?Sarlaac
69%
Who arrived to oversea the final production of the new Death Star?The Emperor
69%
What creature lived in a dungeon under Jabba's throne room?Rancor
54%
Early marketing for Return of the Jedi used a different title. What was that title?Revenge of the Jedi
46%
What is the actual term for the two-legged scout walkers (or chicken walkers), though it is never mentioned in the film?AT-STs
38%
Who was Jabba's Twi'lek right hand man?Bib Fortuna
38%
During production, Return of the Jedi used a false title to keep reporters away. Star Wars fan Seth MacFarlane later used this title for the Family Guy Star Wars spoofs. What was the title?Blue Harvest
38%
What is the name of the special effects company that was created specifically for the Star Wars movies?ILM
38%
This woman, one of only five in the entire original trilogy to have speaking parts, tells us that many Bothans died to bring the rebels information on the new Death Star.Mon Mothma
38%
In the final space battle, who replaced Chewbacca as the co-pilot of the Millennium Falcon?Nien Numb
38%
Who did the sound design for Return of the Jedi (and all of the original trilogy)?Ben Burt
31%
Where were the scenes that take place on that moon filmed?Grizzly Creek Redwoods State Park, CA
31%
At the time of Jedi's release, what company held the rights to produce toys for the Star Wars series?Kenner
31%
Who directed Return of the Jedi?Richard Marquand
31%

Score Distribution

Percentile by Number Answered

Percent of People with Each Score

Your Score History

You have not taken this quiz